Reading Biggest Transfers - Statistics

General Stats
  • This quiz has been taken 8 times
  • The average score is 30 of 70
Answer Stats
% Correct
Incomings Angola ST Lucas Joao 19/20 Sheffield Wednesday
86%
Incomings Czech Republic ST Matej Vydra 15/16 Watford
86%
Incomings England ST Sam Baldock 18/19 Brighton & Hove Albion
86%
Incomings Nigeria RW Sone Aluko 17/18 Fulham
86%
Incomings Wales RB Chris Gunter 12/13 Nottingham Forest
71%
Incomings United States DM Danny Williams 13/14 Hoffenheim
71%
Incomings Romania ST George Puscas 19/20 Inter Milan
71%
Outgoings Romania ST George Puscas 23/24 Genoa
71%
Outgoings Ireland ST Kevin Doyle 09/10 Wolverhampton Wanderers
71%
Incomings Curacao CM Leandro Bacuna 17/18 Aston Villa
71%
Outgoings Curacao CM Leandro Bacuna 18/19 Cardiff City
71%
Incomings Jamaica CB Liam Moore 16/17 Leicester City
71%
Outgoings Jamaica CB Michael Hector 15/16 Chelsea
71%
Outgoings France RW Michael Olise 21/22 Crystal Palace
71%
Incomings Gambia LW Modou Barrow 17/18 Swansea City
71%
Outgoings Gambia LW Modou Barrow 20/21 Jeonbuk Hyundai
71%
Incomings England LM Ovie Ejaria 20/21 Liverpool
71%
Incomings Portugal CB Tiago Ilori 16/17 Liverpool
71%
Outgoings Portugal CB Tiago Ilori 18/19 Sporting CP
71%
Incomings England LB Tyler Blackett 16/17 Manchester United
71%
Incomings Italy GK Vito Mannone 17/18 Sunderland
71%
Outgoings DR Congo CM Aaron Tshibola 16/17 Aston Villa
57%
Incomings Jamaica CB Adrian Mariappa 12/13 Watford
57%
Outgoings Jamaica CB Adrian Mariappa 13/14 Crystal Palace
57%
Outgoings Iceland AM Gylfi Sigurdsson 10/11 Hoffenheim
57%
Outgoings Ireland ST Shane Long 11/12 West Bromwich Albion
57%
Incomings Ireland RB Stephen Kelly 12/13 Fulham
57%
Outgoings England GK Alex McCarthy 14/15 Queens Park Rangers
43%
Incomings Cameroon CB Andre Bikey 07/08 Lokomotiv Moscow
43%
Outgoings Cameroon CB Andre Bikey 09/10 Burnley
43%
Outgoings England ST Dave Kitson 08/09 Stoke City
43%
Incomings Wales CM David Edwards 17/18 Wolverhampton Wanderers
43%
Incomings Poland ST Grzegorz Rasiak 09/10 Southampton
43%
Incomings Jamaica LW Jobi McAnuff 09/10 Watford
43%
Incomings Latvia CB Kaspars Gorkss 11/12 Queens Park Rangers
43%
Incomings Portugal ST Orlando Sa 15/16 Legia Warsaw
43%
Incomings Netherlands RW Roy Beerens 16/17 Hertha Berlin
43%
Outgoings Netherlands RW Roy Beerens 17/18 Vitesse
43%
Outgoings England CB Sean Morrison 14/15 Cardiff City
43%
Incomings Ireland LB Ian Harte 10/11 Carlisle United
29%
Outgoings Senegal CB Ibrahima Sonko 08/09 Stoke City
29%
Incomings Mali RW Jimmy Kebe 07/08 Lens
29%
Incomings Mali CB Kalifa Cisse 07/08 Boavista
29%
Incomings England ST Leroy Lita 05/06 Bristol City
29%
Incomings Scotland ST Marc McNulty 18/19 Coventry City
29%
Incomings England CB Matt Mills 09/10 Doncaster Rovers
29%
Outgoings England CB Matt Mills 11/12 Leicester City
29%
Incomings Barbados ST Nick Blackman 12/13 Sheffield United
29%
Outgoings Barbados ST Nick Blackman 15/16 Derby County
29%
Outgoings England LB Nicky Shorey 08/09 Aston Villa
29%
Incomings Northern Ireland CM Oliver Norwood 14/15 Huddersfield Town
29%
Incomings South Korea RW Seol Ki-hyeon 06/07 Wolverhampton Wanderers
29%
Outgoings Trinidad & Tobago GK Shaka Hislop 95/96 Newcastle United
29%
Outgoings Ireland LM Stephen Hunt 09/10 Hull City
29%
Outgoings England ST Adam Le Fondre 14/15 Cardiff City
14%
Incomings United States LM Bobby Convey 04/05 DC United
14%
Outgoings Portugal CB Daniel Carrico 14/15 Sevilla
14%
Incomings Ivory Coast CM Emerse Fae 07/08 Nantes
14%
Outgoings Ivory Coast CM Emerse Fae 08/09 Nice
14%
Incomings Scotland RB Graeme Murty 98/99 York City
14%
Incomings Czech Republic CM Marek Matejovsky 07/08 Mlada Boleslav
14%
Outgoings Czech Republic CM Marek Matejovsky 10/11 Sparta Prague
14%
Incomings England ST Carl Asaba 97/98 Brentford
0%
Incomings Scotland LB Chris Armstrong 08/09 Sheffield United
0%
Incomings England CB Greg Halford 06/07 Colchester United
0%
Outgoings England CB Greg Halford 07/08 Sunderland
0%
Incomings England RB Liam Rosenior 07/08 Fulham
0%
Incomings England ST Martin Butler 99/00 Cambridge United
0%
Incomings England CB Michael Duberry 06/07 Stoke City
0%
Outgoings England CM Simon Osborn 95/96 Queens Park Rangers
0%
No matching quizzes found
Score Distribution
Percent of People with Each Score
Percentile by Number Answered
Your Score History
You have not taken this quiz